000 00762nam a2200229 u 4500
005 20230602063816.0
008 090701s2006 mx r 000 0 spa d
020 _a9703230695 (UNAM)
020 _a9681681606 (FCE)
035 _aUPN01000171568
049 _aCG
050 4 _aPQ7297 M4.63
_bI4
100 1 _aMéndez de Cuenca, Laura,
_d1853-1928
245 1 0 _aImpresiones de una mujer a solas :
_buna antología general /
_cLaura Méndez de Cuenca ; selec. y estudio prelim. Pablo Mora.
260 _aMéxico :
_bFCE :
_bUNAM,
_c2006.
300 _a406 p.
440 0 _aBiblioteca americana.
_pViaje al siglo XIX
650 4 _aLiteratura mexicana
_ySiglo XIX
_95396
650 4 _aAUTORAS MEXICANAS
_93825
700 1 _aMora, Pablo,
_ecomp.
905 _aLibro
999 _c143673
_d143673